| 000 | 00775nam a2200241Ia 4500 | ||
|---|---|---|---|
| 003 | OSt | ||
| 005 | 20260128153147.0 | ||
| 008 | 210716s2009 xx 000 0 und d | ||
| 020 | _a9788177588118 | ||
| 040 | _cAIMIT LIBRARY | ||
| 041 | _aeng | ||
| 082 |
_a332.64 _26 _bFISD |
||
| 100 |
_aFischer, Donald E. _9253002 |
||
| 245 |
_aSecurity analysis and portfolio management / _cBy Donald E Fischer and Ronald J Jordan. |
||
| 250 | _a6th ed. | ||
| 260 |
_aNew Delhi : _bPearson Education , _c2009. |
||
| 300 |
_a703p. ; _bPB _c24.6 cm |
||
| 650 |
_aRisk and return _9253003 |
||
| 650 |
_aCompany analysis: forecasting earnings _9253004 |
||
| 650 |
_aBond analysis: unsystematic risk _9253005 |
||
| 700 |
_aJordan, Ronald J. _9253006 |
||
| 942 |
_2ddc _cBK _e6th _k332.64 FISD |
||
| 999 |
_c181072 _d181072 |
||